Les spin-off de Mario - Statistiques

Statistiques générales
  • Ce quiz a été pris 34 fois
    11 depuis la dernière actualisation
  • Le résultat moyen est 31 sur 84
Statistiques - réponses
Franchise Jeu % Correct
Mario Kart 8
100%
Mario Kart 8 Deluxe
100%
Mario Kart Wii
100%
Mario Kart 7
86%
Mario Kart: Double Dash!!
86%
Mario Kart DS
86%
Mario Party Mario Party
86%
Mario Party 10
86%
Mario Party 2
86%
Mario Party 3
86%
Mario Party 4
86%
Mario Party 5
86%
Mario Party 6
86%
Mario Party 7
86%
Mario Party 8
86%
Mario Party 9
86%
Mario Sports Mario Tennis
86%
Mario Kart 64
71%
Mario Kart Tour
71%
Mario Party DS
71%
Dr. Mario Dr. Mario
57%
Mario Golf
57%
Mario Sports Mix
57%
Mario Kart Super Mario Kart
57%
Super Mario Party
57%
Mario & Luigi: Voyage au centre de Bowser
43%
Mario Party: Island Tour
43%
Mario vs Donkey Kong Mario vs Donkey Kong
43%
Paper Mario
43%
Paper Mario: La Porte Millénaire
43%
Dr. Mario 64
29%
Mario & Luigi: Dream Team Bros.
29%
Mario & Luigi: Les frères du temps
29%
Mario Golf: Toadstool Tour
29%
Mario Kart Live: Home Circuit
29%
Mario Kart Super Circuit
29%
Mario Party: Star Rush
29%
Mario Party Super Stars
29%
Mario Party: The Top 100
29%
Mario Power Tennis
29%
Mario Strikers Charged
29%
Mario Tennis Aces
29%
Mario Tennis: Ultra Smash
29%
Mario vs Donkey Kong 2: La marche des minis
29%
Mario vs Donkey Kong: Tipping Stars
29%
Paper Mario Color Splash
29%
Paper Mario: Stickers Star
29%
Paper Mario: The Origami King
29%
Mario RPG Super Mario RPG: Legend of the Seven Stars
29%
Super Paper Mario
29%
Dr. Mario World
14%
Mario & Luigi: L'épopée fraternelle
14%
Mario & Luigi: Paper Jam Bros.
14%
Mario & Luigi: Superstar Saga
14%
Mario & Sonic aux jeux olympiques
14%
Mario & Sonic aux jeux olympiques de Londres 2012
14%
Mario & Sonic aux jeux olympiques de Rio 2016
14%
Mario & Sonic aux jeux olympiques d'hiver
14%
Mario & Sonic aux jeux olympiques d'hiver de Sotchi 2014
14%
Mario Golf: Super Rush
14%
Mario Golf: World Tour
14%
Lapins Crétins Mario + Lapins Crétins: Kingdom Battle
14%
Mario + Lapins Crétins: Spark of Hopes
14%
Mario Party Advance
14%
Mario Slam Basketball
14%
Mario Strikers: Battle League
14%
Mario Super Sluggers
14%
Mario Superstar Baseball
14%
Mario vs Donkey Kong: Le retour des minis
14%
Mario vs Donkey Kong: Pagaille à Mini-Land
14%
Super Mario Party Jamborre
14%
Super Mario Strikers
14%
Dance Dance Revolution Mario Mix
0%
Dr. Mario Express
0%
Dr. Mario: Miracle Cure
0%
Dr. Mario Online Rx
0%
Mario & Sonic aux jeux olympiques de Tokyo 2020
0%
Mario Golf: Advance Tour
0%
Mario Paint
0%
Mario Sports Superstars
0%
Mario Tennis Open
0%
Mario Tennis: Power Tour
0%
Mario vs Donkey Kong: Minis on the move
0%
NES Open Tournament Golf
0%
Aucun quiz correspondant
Distribution des résultats
% des personnes avec chaque résultat
Percentile par nombre de réponses
Votre historique - résultats
Vous n’avez pas pris ce quiz depuis la dernière actualisation